[Event "Scarborough CC Falling Leaves U2000"]
[Site "Toronto CAN"]
[Date "2010.11.25"]
[Round "5"]
[White "Kurkowski, Ken"]
[Black "Xie, Peter"]
[Result "1/2-1/2"]
[WhiteElo "1640"]
[BlackElo "1637"]
[PlyCount "68"]
[EventDate "2010.10.28"]
[EventType "swiss"]
[EventRounds "7"]
[EventCountry "CAN"]

1. e4 e5 2. Nf3 Nc6 3. d4 exd4 4. Bc4 Bc5 5. c3 Nf6 6. cxd4 Bb4+ 7. Bd2 Nxe4 8.
Bxb4 Nxb4 9. Bxf7+ Kxf7 10. Qb3+ d5 11. Qxb4 Rf8 12. O-O Kg8 13. Nc3 a5 14. Qb3
Nxc3 15. bxc3 c6 16. Rae1 Qf6 17. Ne5 a4 18. Qb6 Rb8 19. Qc7 Bf5 20. Nd7 Bxd7
21. Qxd7 Rf7 22. Qe6 Kf8 23. Qxf6 Rxf6 24. Re5 Re8 25. Rfe1 Rxe5 26. Rxe5 Kf7
27. f3 Re6 28. f4 Rxe5 29. fxe5 b6 30. Kf2 c5 31. Ke3 g6 32. a3 h6 33. g4 Ke6
34. h4 c4 1/2-1/2

[Event "Scarborough CC Falling Leaves U2000"]
[Site "Toronto CAN"]
[Date "2010.11.25"]
[Round "5"]
[White "Maister, Martin"]
[Black "Bellissimo, Joseph"]
[Result "1/2-1/2"]
[WhiteElo "1827"]
[BlackElo "1890"]
[PlyCount "75"]
[EventDate "2010.10.28"]
[EventType "swiss"]
[EventRounds "7"]
[EventCountry "CAN"]

1. Nf3 d5 2. g3 c5 3. Bg2 Nc6 4. d4 cxd4 5. Nxd4 Nf6 6. O-O e5 7. Nxc6 bxc6 8.
c4 e4 9. cxd5 cxd5 10. Bg5 Be7 11. Nc3 Be6 12. Rc1 Qd7 13. Qd2 h6 14. Bxf6 Bxf6
15. f3 Bg5 16. f4 Bd8 17. f5 Bxf5 18. Qxd5 Qxd5 19. Nxd5 Bg6 20. Nc7+ Bxc7 21.
Rxc7 O-O 22. Rfc1 Rfd8 23. e3 Rd3 24. R7c3 Rad8 25. Bf1 Rd2 26. R1c2 Bf5 27.
Rxd2 Rxd2 28. Rb3 Be6 29. Rb8+ Kh7 30. a3 Rc2 31. Rb4 f5 32. Rb7 a5 33. b4 axb4
34. axb4 Rc1 35. Kf2 Rc2+ 36. Kg1 Rc1 37. Kf2 Rc2+ 38. Kg1 1/2-1/2

[Event "Scarborough CC Falling Leaves U2000"]
[Site "Toronto CAN"]
[Date "2010.11.25"]
[Round "5"]
[White "Manalo, Pepin"]
[Black "Posaratnanathan, Juliaan"]
[Result "0-1"]
[WhiteElo "1840"]
[BlackElo "1867"]
[PlyCount "66"]
[EventDate "2010.10.28"]
[EventType "swiss"]
[EventRounds "7"]
[EventCountry "CAN"]

1. e4 c5 2. Nf3 Nc6 3. c4 g6 4. d4 cxd4 5. Nxd4 Bg7 6. Be3 d6 7. Be2 Nf6 8. Nc3
O-O 9. O-O a6 10. Rc1 Bd7 11. Nb3 Rc8 12. f3 Na5 13. Nxa5 Qxa5 14. Qd2 Kh8 15.
Rf2 b5 16. c5 Qc7 17. b4 Bc6 18. Nd5 Bxd5 19. exd5 dxc5 20. bxc5 Rfd8 21. Bf4
Qd7 22. d6 exd6 23. cxd6 Rxc1+ 24. Qxc1 Nd5 25. Bg3 Bd4 26. Qd2 Bxf2+ 27. Bxf2
Qxd6 28. Bd4+ Nf6 29. Bxf6+ Qxf6 30. Qc2 Qd4+ 31. Kf1 Qe3 32. g4 Rd2 33. Qe4
Rxe2 0-1

[Event "Scarborough CC Falling Leaves U2000"]
[Site "Toronto CAN"]
[Date "2010.11.25"]
[Round "5"]
[White "Moran-Venegas, Mario"]
[Black "Triefeldt, Jack"]
[Result "0-1"]
[WhiteElo "1680"]
[BlackElo "1805"]
[PlyCount "136"]
[EventDate "2010.10.28"]
[EventType "swiss"]
[EventRounds "7"]
[EventCountry "CAN"]

1. e4 e6 2. f4 d5 3. e5 c5 4. Bb5+ Nc6 5. Bxc6+ bxc6 6. d4 Ba6 7. Ne2 Qb6 8. c3
Nh6 9. h3 Nf5 10. Kf2 Bxe2 11. Qxe2 cxd4 12. Kf3 Be7 13. g4 Nh4+ 14. Kg3 dxc3
15. Nxc3 O-O 16. b3 Rfd8 17. Na4 Qb7 18. Bd2 Rac8 19. Ba5 Rd7 20. Rac1 Ng6 21.
Nc5 Bxc5 22. Rxc5 Ne7 23. Rhc1 a6 24. Qd3 g6 25. h4 Kh8 26. h5 gxh5 27. Rh1 Ng6
28. Rxh5 Rg8 29. Qc2 Qa7 30. g5 Rg7 31. Kg4 Ne7 32. Be1 d4 33. Bf2 d3 34. Qd2
Qa8 35. Rc3 Qd8 36. Bc5 Nd5 37. Bd6 Nxc3 38. Qxc3 Qb6 39. Qxd3 Qg1+ 40. Kf3 a5
41. a3 Qc1 42. b4 axb4 43. axb4 Qe1 44. Qc2 Ra7 45. Bc5 Ra3+ 46. Kg2 Qg3+ 47.
Kf1 Ra1+ 48. Ke2 Qg4+ 49. Ke3 Qxh5 50. Be7 Re1+ 51. Kd4 Qd1+ 52. Qxd1 Rxd1+ 53.
Kc5 Rc1+ 54. Kb6 Rg6 55. Bc5 h6 56. gxh6 Rxh6 57. Kxc6 Rh4 58. Kb6 Rb1 59. Kc6
Rxf4 60. Kd6 Kg7 61. Ke7 Rbxb4 62. Bxb4 Rxb4 63. Kd6 Rb5 64. Ke7 Rd5 65. Ke8
Rxe5 66. Ke7 Ra5 67. Kd6 e5 68. Ke7 e4 0-1

[Event "Scarborough CC Falling Leaves U2000"]
[Site "Toronto CAN"]
[Date "2010.11.25"]
[Round "5"]
[White "Radpey, Abdolreza"]
[Black "Yusuf, Magas"]
[Result "0-1"]
[WhiteElo "1610"]
[BlackElo "1885"]
[PlyCount "112"]
[EventDate "2010.10.28"]
[EventType "swiss"]
[EventRounds "7"]
[EventCountry "CAN"]

1. c4 c6 2. Nc3 d5 3. cxd5 cxd5 4. d4 Nf6 5. Nf3 Bf5 6. e3 Nc6 7. Bd3 Qd7 8.
O-O Bxd3 9. Qxd3 g6 10. a3 Bg7 11. Bd2 a6 12. Rab1 Na5 13. b3 Nc6 14. Ne5 Nxe5
15. dxe5 Ng4 16. f4 Rd8 17. h3 Nxe3 18. Bxe3 d4 19. Na4 dxe3 20. Qxe3 O-O 21.
Qf3 Qd5 22. Qe2 Qd4+ 23. Kh1 b5 24. Rbd1 Qa7 25. Nb2 Qc5 26. a4 Bh6 27. axb5
axb5 28. Nd3 Qc3 29. b4 Rd4 30. Rf3 Rfd8 31. Qf1 Qb3 32. g3 Rxb4 33. Nb2 Rxd1
34. Nxd1 Qd5 35. Nc3 Qc6 36. Qd3 Rb3 37. Kg2 b4 38. Qd8+ Bf8 39. Nd5 Qc2+ 40.
Rf2 Qe4+ 41. Kg1 Qe1+ 42. Kg2 Qe4+ 43. Kg1 Rxg3+ 44. Kh2 Rd3 45. Nxe7+ Kg7 46.
Qxd3 Qxd3 47. Nc6 Qe3 48. Kg2 Bc5 49. Rf3 Qe4 50. Na5 Qe2+ 51. Kg3 Qe1+ 52. Kg2
Qd2+ 53. Kg3 Bg1 54. Nb3 Qh2+ 55. Kh4 Bf2+ 56. Kg4 Qg2+ 0-1

[Event "Scarborough CC Falling Leaves U2000"]
[Site "Toronto CAN"]
[Date "2010.11.25"]
[Round "5"]
[White "Rutherdale, William"]
[Black "Verde, Pino"]
[Result "1-0"]
[WhiteElo "1703"]
[BlackElo "1708"]
[PlyCount "95"]
[EventDate "2010.10.28"]
[EventType "swiss"]
[EventRounds "7"]
[EventCountry "CAN"]

1. d4 Nf6 2. c4 d6 3. Nc3 Nbd7 4. Nf3 e5 5. g3 Be7 6. Bg2 O-O 7. O-O c6 8. b3
Re8 9. Bb2 Qc7 10. Rc1 Nf8 11. Re1 Ng6 12. e3 Bg4 13. h3 Bd7 14. Qe2 Qc8 15.
Qf1 Rb8 16. Ba3 Bf8 17. dxe5 Nxe5 18. Nxe5 Rxe5 19. Red1 c5 20. Bb2 Rh5 21. h4
g5 22. Nd5 Nxd5 23. Rxd5 f5 24. Qe2 Qe8 25. Bf3 g4 26. Bg2 Qg6 27. Qd2 Re8 28.
Rd1 Bc6 29. Qa5 f4 30. Rxh5 Qxh5 31. Bxc6 bxc6 32. exf4 Qf7 33. Qc3 Bg7 34.
Qxg7+ Qxg7 35. Bxg7 Kxg7 36. Rxd6 Re1+ 37. Kg2 Ra1 38. Rxc6 Rxa2 39. Rxc5 a5
40. Rg5+ Kf6 41. Rxg4 a4 42. bxa4 Rxa4 43. c5 h6 44. Rg8 Rc4 45. Rc8 Kf5 46. c6
Kg6 47. c7 Kg7 48. f5 1-0

[Event "Scarborough CC Falling Leaves U2000"]
[Site "Toronto CAN"]
[Date "2010.11.25"]
[Round "5"]
[White "Sharpe, Michael"]
[Black "Jizan, Masoud"]
[Result "1/2-1/2"]
[WhiteElo "1690"]
[BlackElo "1815"]
[PlyCount "97"]
[EventDate "2010.10.28"]
[EventType "swiss"]
[EventRounds "7"]
[EventCountry "CAN"]

1. e4 e5 2. Nf3 Nc6 3. Bb5 Nd4 4. Nxd4 exd4 5. d3 Nf6 6. Bg5 Be7 7. O-O O-O 8.
c3 h6 9. Bh4 a6 10. Ba4 b5 11. Bb3 dxc3 12. Nxc3 b4 13. Ne2 Bb7 14. f4 Ng4 15.
Bxe7 Qxe7 16. Rf3 Kh8 17. h3 Nf6 18. Ng3 a5 19. Rc1 c5 20. Nf5 Qd8 21. Rg3 Qb6
22. Bc4 d5 23. exd5 Bxd5 24. Nxg7 Rg8 25. Nf5 Rxg3 26. Nxg3 Rg8 27. Bxd5 Nxd5
28. Qf3 c4+ 29. Kh1 Qe6 30. dxc4 Nf6 31. f5 Qe5 32. Nh5 Qxb2 33. Rg1 Qe5 34.
Nxf6 Qxf6 35. Rd1 Qg5 36. Rg1 Re8 37. c5 Kg7 38. c6 Rc8 39. Qd5 Qf6 40. Rc1 Qb2
41. Rf1 Qf6 42. Qxa5 Qxc6 43. f6+ Kh8 44. Qxb4 Ra8 45. Qh4 Kg8 46. Qxh6 Qxg2+
47. Kxg2 Rxa2+ 48. Kg1 Rg2+ 49. Kxg2 1/2-1/2

[Event "Scarborough CC Falling Leaves U2000"]
[Site "Toronto CAN"]
[Date "2010.11.25"]
[Round "5"]
[White "Stavropoulos, Greg"]
[Black "Paterson, Jim"]
[Result "1/2-1/2"]
[WhiteElo "1960"]
[BlackElo "1857"]
[PlyCount "41"]
[EventDate "2010.10.28"]
[EventType "swiss"]
[EventRounds "7"]
[EventCountry "CAN"]

1. c4 e6 2. Nf3 f5 3. g3 Nf6 4. Bg2 c6 5. O-O Be7 6. d3 d5 7. b3 O-O 8. Nbd2 a5
9. Bb2 Na6 10. Ne5 Nc5 11. Rb1 Bd6 12. Ndf3 Bd7 13. Qc2 Qc7 14. Ba1 Na6 15. Qb2
Be8 16. Nd2 Bxe5 17. Qxe5 Qxe5 18. Bxe5 Bh5 19. Rfe1 Rf7 20. Bc3 Nc7 21. e4
1/2-1/2

[Event "Scarborough CC Falling Leaves U2000"]
[Site "Toronto CAN"]
[Date "2010.11.25"]
[Round "5"]
[White "Ward, Dean"]
[Black "Zotkin, Daniel"]
[Result "1-0"]
[WhiteElo "1832"]
[BlackElo "1708"]
[PlyCount "43"]
[EventDate "2010.10.28"]
[EventType "swiss"]
[EventRounds "7"]
[EventCountry "CAN"]

1. d4 d5 2. c4 e6 3. Nc3 Nf6 4. cxd5 exd5 5. Bg5 Nbd7 6. e3 Be7 7. Bd3 O-O 8.
Bc2 b6 9. Qd3 Bb7 10. Nge2 c5 11. O-O a6 12. Nf4 c4 13. Qf5 g6 14. Qh3 b5 15.
a3 Bc6 16. Ne6 fxe6 17. Qxe6+ Rf7 18. Qxc6 Nb6 19. Qe6 Kg7 20. f4 h6 21. Bxh6+
Kg8 22. Bxg6 1-0

[Event "Scarborough CC Falling Leaves U2000"]
[Site "Toronto CAN"]
[Date "2010.11.25"]
[Round "5"]
[White "Wiebe, Daniel"]
[Black "Su, Stanley"]
[Result "1-0"]
[WhiteElo "1853"]
[BlackElo "1807"]
[PlyCount "40"]
[EventDate "2010.10.28"]
[EventType "swiss"]
[EventRounds "7"]
[EventCountry "CAN"]

1. e4 e5 2. Nf3 Nc6 3. d4 exd4 4. Nxd4 Bc5 5. Be3 Qf6 6. Nb5 Bxe3 7. fxe3 Qd8
8. Qg4 g6 9. Qf4 d6 10. Bc4 Ne5 11. O-O Qe7 12. N1c3 g5 13. Qf2 Be6 14. Bxe6
fxe6 15. Nxc7+ Kd7 16. Nxa8 Nh6 17. Rad1 Nhg4 18. Qe2 Kc8 19. h3 Kb8 20. Nb6
Nh6 1-0

[Event "Scarborough CC Falling Leaves U2000"]
[Site "Toronto CAN"]
[Date "2010.11.25"]
[Round "5"]
[White "Zhou, Kevin"]
[Black "Morra, Lui"]
[Result "0-1"]
[WhiteElo "1877"]
[BlackElo "1691"]
[PlyCount "106"]
[EventDate "2010.10.28"]
[EventType "swiss"]
[EventRounds "7"]
[EventCountry "CAN"]

1. e4 c5 2. Nf3 e6 3. d4 cxd4 4. Nxd4 a6 5. c4 Nf6 6. Nc3 d6 7. Be2 Be7 8. O-O
O-O 9. Be3 Nc6 10. f4 Qc7 11. b3 Bd7 12. Bf3 Rad8 13. Nde2 Nb8 14. Nd4 Qa5 15.
Qe1 Qc7 16. Qf2 Qc8 17. Rac1 Nc6 18. Nde2 Qb8 19. Bb6 Rc8 20. Rfd1 Bd8 21. Na4
Ne7 22. Nec3 Bc6 23. Rd3 Bxb6 24. Nxb6 Rcd8 25. Rcd1 Qc7 26. a4 Ng6 27. g3 Nd7
28. Nxd7 Rxd7 29. Ne2 b5 30. cxb5 axb5 31. Rc1 Qb7 32. Nc3 bxa4 33. bxa4 Qa6
34. Rcd1 Rfd8 35. Qc2 h6 36. Ra1 Rc8 37. Qd2 Qa8 38. Rxd6 Rxd6 39. Qxd6 Qa7+
40. Kg2 Qe3 41. Ra3 Be8 42. Ne2 Qa7 43. Qd4 Qa6 44. Nc3 Qb7 45. Qd2 Qb4 46. Qc1
Bxa4 47. Qa1 Bb3 48. Nb1 Rc2+ 49. Kh3 Bc4 50. Nc3 Qc5 51. Ra8+ Kh7 52. Qe1 Rxc3
53. Bg2 Qh5# 0-1

[Event "Scarborough CC Falling Leaves U2000"]
[Site "Toronto CAN"]
[Date "2010.12.02"]
[Round "6"]
[White "Armstrong, Robert J"]
[Black "Sharpe, Michael"]
[Result "1-0"]
[WhiteElo "1794"]
[BlackElo "1690"]
[PlyCount "61"]
[EventDate "2010.10.28"]
[EventType "swiss"]
[EventRounds "7"]
[EventCountry "CAN"]

1. d4 Nf6 2. c4 g6 3. Nc3 d5 4. e3 Bg7 5. Nf3 O-O 6. Bd3 c5 7. O-O Bg4 8. dxc5
dxc4 9. Bxc4 Qa5 10. h3 Bc8 11. Qe2 Qxc5 12. Rd1 Nbd7 13. e4 Nb6 14. Bb3 e5 15.
Bg5 Be6 16. Bxe6 fxe6 17. Bh4 Nh5 18. Rac1 Nf4 19. Qe1 Nxh3+ 20. Kh2 Nf4 21.
Nd5 Qb5 22. Nc7 Qxb2 23. Nxa8 Nxa8 24. Be7 Re8 25. Bd6 Qxa2 26. Ra1 Qc2 27.
Rxa7 Qc4 28. Rxb7 Qc6 29. Rxg7+ Kxg7 30. Bxe5+ Kg8 31. Bxf4 1-0

[Event "Scarborough CC Falling Leaves U2000"]
[Site "Toronto CAN"]
[Date "2010.12.02"]
[Round "6"]
[White "Bellissimo, Joseph"]
[Black "Ward, Dean"]
[Result "1-0"]
[WhiteElo "1890"]
[BlackElo "1832"]
[PlyCount "63"]
[EventDate "2010.10.28"]
[EventType "swiss"]
[EventRounds "7"]
[EventCountry "CAN"]

1. e4 c5 2. Nf3 d6 3. d4 cxd4 4. Nxd4 Nf6 5. Nc3 g6 6. Be3 Bg7 7. f3 Nc6 8. Qd2
O-O 9. O-O-O h5 10. h4 d5 11. Kb1 dxe4 12. Nxc6 Qxd2 13. Nxe7+ Kh7 14. Rxd2
exf3 15. gxf3 Be6 16. Ned5 Nxd5 17. Nxd5 Rad8 18. Nc3 Rxd2 19. Bxd2 Rd8 20. Bc1
Rd4 21. a3 Rd6 22. Ne4 Rb6 23. Ng5+ Kg8 24. Nxe6 Rxe6 25. Bc4 Rb6 26. Rd1 Bf6
27. Rd7 Bxh4 28. Bxf7+ Kh8 29. Be3 Rb5 30. Bd4+ Kh7 31. Bc4+ Kh6 32. Bxb5 1-0

[Event "Scarborough CC Falling Leaves U2000"]
[Site "Toronto CAN"]
[Date "2010.12.02"]
[Round "6"]
[White "Cale, Ferdinand"]
[Black "Gillis, Doug"]
[Result "1-0"]
[WhiteElo "1841"]
[BlackElo "1622"]
[PlyCount "81"]
[EventDate "2010.10.28"]
[EventType "swiss"]
[EventRounds "7"]
[EventCountry "CAN"]

1. f4 d5 2. d4 Bf5 3. e3 e6 4. Nf3 Na6 5. Bxa6 bxa6 6. O-O c5 7. c3 Nf6 8. Qa4+
Nd7 9. Qxa6 Be7 10. Qa4 O-O 11. Qd1 Rb8 12. Nbd2 cxd4 13. exd4 Nf6 14. Ne5 Qc7
15. g4 Bg6 16. h4 Be4 17. g5 Nd7 18. Nxe4 dxe4 19. Qe2 f5 20. Nxd7 Qxd7 21. Be3
Qb5 22. Qxb5 Rxb5 23. b3 Rc8 24. c4 Rb7 25. Rfd1 Rd7 26. c5 Rcd8 27. Rdc1 e5
28. c6 Rd5 29. c7 Rc8 30. dxe5 Rd7 31. Kf2 Ba3 32. Rc2 Bb4 33. Ke2 Ba5 34. Rd1
Rxd1 35. Kxd1 Bxc7 36. Ke2 Kf8 37. Bxa7 Ke8 38. Bb6 Kd8 39. Bxc7+ Rxc7 40. Rxc7
Kxc7 41. a4 1-0

[Event "Scarborough CC Falling Leaves U2000"]
[Site "Toronto CAN"]
[Date "2010.12.02"]
[Round "6"]
[White "Gaffney, Kevin"]
[Black "Huston, Scott"]
[Result "0-1"]
[WhiteElo "1662"]
[BlackElo "1719"]
[PlyCount "66"]
[EventDate "2010.10.28"]
[EventType "swiss"]
[EventRounds "7"]
[EventCountry "CAN"]

1. e4 c5 2. c3 d5 3. exd5 Qxd5 4. d4 Nc6 5. Nf3 Nf6 6. Be2 e6 7. O-O Be7 8. Be3
cxd4 9. cxd4 O-O 10. Nc3 Qa5 11. a3 Rd8 12. Re1 a6 13. Qc2 Qc7 14. Rad1 b5 15.
Nxb5 axb5 16. Bxb5 Bb7 17. Ne5 Rac8 18. Rc1 Rd6 19. Bf4 Qa5 20. Nc4 Qxb5 21.
Nxd6 Bxd6 22. Bxd6 Nxd4 23. Qxc8+ Bxc8 24. Rxc8+ Ne8 25. Rd1 Qd7 26. Rb8 Nf5
27. g4 Nh4 28. Kf1 h6 29. Ke2 Ng6 30. Bb4 Nf4+ 31. Kf1 Nd5 32. f4 Ne3+ 33. Ke2
Nxd1 0-1

[Event "Scarborough CC Falling Leaves U2000"]
[Site "Toronto CAN"]
[Date "2010.12.02"]
[Round "6"]
[White "Jizan, Masoud"]
[Black "Bellomo, Joe"]
[Result "1-0"]
[WhiteElo "1815"]
[BlackElo "1719"]
[PlyCount "79"]
[EventDate "2010.10.28"]
[EventType "swiss"]
[EventRounds "7"]
[EventCountry "CAN"]

1. e4 c5 2. f4 Nc6 3. Nf3 d6 4. Bc4 e6 5. Nc3 a6 6. a4 Bd7 7. O-O Nf6 8. e5
dxe5 9. fxe5 Ng8 10. d3 Be7 11. Ne4 Qc7 12. Nfg5 Nxe5 13. Bf4 Bf6 14. Bxe5 Qxe5
15. Nf3 Qc7 16. Qd2 Bc6 17. Nxf6+ Nxf6 18. Qg5 O-O-O 19. Qxg7 Nd5 20. Ng5 Nf4
21. Qxf7 Ne2+ 22. Kh1 Bxg2+ 23. Kxg2 Qc6+ 24. Kh3 Kb8 25. Qxe6 Rd6 26. Qxe2 Re8
27. Qf3 Rh6+ 28. Kg3 Qc7+ 29. Kg4 Qc8+ 30. Qf5 Qd8 31. Qxc5 Rxh2 32. Rf7 h5+
33. Kf3 Ree2 34. Rxb7+ Kxb7 35. Bd5+ Kb8 36. Qb4+ Kc7 37. Qb7+ Kd6 38. Nf7+ Kc5
39. Qc6+ Kd4 40. Qc4# 1-0

[Event "Scarborough CC Falling Leaves U2000"]
[Site "Toronto CAN"]
[Date "2010.12.02"]
[Round "6"]
[White "Karmalkar, Vilas"]
[Black "Kurkowski, Ken"]
[Result "1-0"]
[WhiteElo "1623"]
[BlackElo "1640"]
[PlyCount "78"]
[EventDate "2010.10.28"]
[EventType "swiss"]
[EventRounds "7"]
[EventCountry "CAN"]

1. f4 g6 2. e4 d6 3. Nf3 c5 4. Bc4 e6 5. d4 Bg7 6. c3 Ne7 7. O-O O-O 8. Be3 Bd7
9. Nbd2 Nbc6 10. dxc5 dxc5 11. Bxc5 Na5 12. a4 Nxc4 13. Nxc4 Rc8 14. Bxe7 Qxe7
15. Nd6 Rc7 16. e5 h6 17. Qd3 Bc6 18. Nd4 Rd8 19. b4 Rxd6 20. exd6 Qxd6 21. b5
Bd5 22. Qe3 Qc5 23. Rac1 Qc4 24. Kh1 Qa2 25. Qg3 Qa3 26. f5 Bxd4 27. Qxc7 Qb2
28. Qg3 Be5 29. Qf2 Qb3 30. fxg6 f6 31. Qc5 Qb2 32. Qf2 Qb3 33. Qd2 Qc4 34.
Qxh6 Bxg2+ 35. Kxg2 Qg4+ 36. Kh1 Qe4+ 37. Kg1 Qg4+ 38. Kf2 Qf4+ 39. Ke2 Qg4+
1-0

[Event "Scarborough CC Falling Leaves U2000"]
[Site "Toronto CAN"]
[Date "2010.12.02"]
[Round "6"]
[White "Morra, Lui"]
[Black "Posaratnanathan, Juliaan"]
[Result "1/2-1/2"]
[WhiteElo "1691"]
[BlackElo "1867"]
[PlyCount "119"]
[EventDate "2010.10.28"]
[EventType "swiss"]
[EventRounds "7"]
[EventCountry "CAN"]

1. e4 c5 2. Nf3 e6 3. d4 cxd4 4. Nxd4 a6 5. a3 Nf6 6. Nc3 Qc7 7. Be2 Be7 8. Be3
b5 9. O-O Bb7 10. f3 d6 11. Qd2 Nbd7 12. Bd3 Nc5 13. Rac1 Rd8 14. b4 Nxd3 15.
cxd3 Qb8 16. a4 bxa4 17. Nxa4 O-O 18. b5 axb5 19. Nxb5 d5 20. Ba7 Qe5 21. d4
Qh5 22. e5 Ne8 23. Nc7 Rc8 24. Nb5 Rc4 25. Rxc4 dxc4 26. Qc2 f6 27. Qxc4 Bd5
28. Qe2 fxe5 29. dxe5 Qh4 30. Nac3 Bc4 31. Qf2 Bxf1 32. Qxh4 Bxh4 33. Kxf1 Rf7
34. Ne4 Rb7 35. Nec3 Nc7 36. Nxc7 Rxc7 37. Bd4 Rc4 38. Ne2 Rb4 39. g3 Be7 40.
Kg2 Bd8 41. Bc5 Rb2 42. Kf2 Bb6 43. Bxb6 Rxb6 44. Nd4 Kf7 45. h4 Rb4 46. Ke3
Rb1 47. Kf4 Rd1 48. Nb5 Rd5 49. Nd6+ Kg6 50. g4 h5 51. Ke4 Ra5 52. Kf4 Ra4+ 53.
Kg3 hxg4 54. fxg4 Ra3+ 55. Kf4 Rh3 56. h5+ Kh7 57. Ne4 Kh6 58. Ng5 Ra3 59. Nxe6
Ra4+ 60. Kf5 1/2-1/2

[Event "Scarborough CC Falling Leaves U2000"]
[Site "Toronto CAN"]
[Date "2010.12.02"]
[Round "6"]
[White "Paterson, Jim"]
[Black "Rapoport, Alexander"]
[Result "1-0"]
[WhiteElo "1857"]
[BlackElo "1886"]
[PlyCount "112"]
[EventDate "2010.10.28"]
[EventType "swiss"]
[EventRounds "7"]
[EventCountry "CAN"]

1. e4 c5 2. Nf3 e6 3. Nc3 a6 4. d4 cxd4 5. Nxd4 Qc7 6. Be2 b5 7. O-O Bb7 8. a3
Nf6 9. Bf3 Nc6 10. Be3 Ne5 11. Qe2 Bd6 12. h3 Rc8 13. Rad1 Nxf3+ 14. Qxf3 Be5
15. Rfe1 O-O 16. Nde2 Rfd8 17. Bd4 Bxd4 18. Rxd4 d5 19. Qg3 Qxg3 20. Nxg3 e5
21. Rd2 d4 22. Na2 a5 23. Nc1 h5 24. f3 b4 25. axb4 axb4 26. Nd3 b3 27. cxb3
Nd7 28. Nxh5 Ba6 29. Nb4 Nc5 30. Nxa6 Nxa6 31. Ra1 Nc5 32. Ra3 Rb8 33. Ng3 Nxb3
34. Rd1 Rdc8 35. Nf5 Rc2 36. Ne7+ Kf8 37. Nd5 f6 38. f4 Nd2 39. fxe5 fxe5 40.
b4 Nxe4 41. Rf1+ Kg8 42. Ra7 Nd6 43. Rd7 Ne8 44. Ne7+ Kh7 45. Rf8 Nf6 46. Rxf6
gxf6 47. Nc6+ Kg6 48. Nxb8 Rc4 49. Na6 e4 50. Nc5 Rxb4 51. Nxe4 Kf5 52. Nd2 Kf4
53. Kf2 Ra4 54. g3+ Kg5 55. Rxd4 Ra2 56. h4+ Kg6 1-0

[Event "Scarborough CC Falling Leaves U2000"]
[Site "Toronto CAN"]
[Date "2010.12.02"]
[Round "6"]
[White "Radpey, Abdolreza"]
[Black "Rutherdale, William"]
[Result "0-1"]
[WhiteElo "1610"]
[BlackElo "1703"]
[PlyCount "100"]
[EventDate "2010.10.28"]
[EventType "swiss"]
[EventRounds "7"]
[EventCountry "CAN"]

1. Nf3 d5 2. d4 Nf6 3. Bg5 Ne4 4. Bf4 c6 5. e3 Bg4 6. h3 Bh5 7. g4 Bg6 8. Bd3
e6 9. Ne5 Bd6 10. Qf3 Nf6 11. Nxg6 hxg6 12. Be5 Bxe5 13. dxe5 Nfd7 14. Qg3 c5
15. f4 Nc6 16. c3 Qh4 17. Kf2 Qe7 18. Na3 a6 19. h4 O-O-O 20. Nc2 c4 21. Be2 f6
22. exf6 gxf6 23. Nd4 e5 24. Nxc6 bxc6 25. Rae1 Nc5 26. Kg2 Ne4 27. Qh2 Rh7 28.
fxe5 fxe5 29. g5 Rdh8 30. Qh3+ Kc7 31. Qg4 Qc5 32. Bd1 Rf8 33. Rhf1 Rhf7 34.
Rf3 Qd6 35. Rxf7+ Rxf7 36. Rf1 Qf8 37. Rxf7+ Qxf7 38. Qf3 Qe7 39. Bc2 Nxg5 40.
hxg5 Qxg5+ 41. Qg3 Qh5 42. Bxg6 Qe2+ 43. Kh3 Qf1+ 44. Kh4 Qf6+ 45. Qg5 Qf2+ 46.
Kg4 Qe2+ 47. Kf5 Qxb2 48. Qe7+ Kb6 49. Qb4+ Qxb4 50. cxb4 Kb5 0-1

[Event "Scarborough CC Falling Leaves U2000"]
[Site "Toronto CAN"]
[Date "2010.12.02"]
[Round "6"]
[White "Song, Lin"]
[Black "Bao, Stephen"]
[Result "1-0"]
[WhiteElo "1677"]
[BlackElo "1783"]
[PlyCount "96"]
[EventDate "2010.10.28"]
[EventType "swiss"]
[EventRounds "7"]
[EventCountry "CAN"]

1. e4 c6 2. d4 d5 3. f3 g6 4. Nc3 Bg7 5. Be3 Qb6 6. Rb1 e5 7. Na4 Qa5+ 8. c3
dxe4 9. fxe4 Nf6 10. b4 Qc7 11. Bd3 Ng4 12. Qd2 exd4 13. cxd4 Nxe3 14. Qxe3 O-O
15. Ne2 Be6 16. Nac3 Rd8 17. O-O b5 18. Kh1 Qb6 19. e5 Nd7 20. Qf3 Nf8 21. a4
a6 22. a5 Qc7 23. Ne4 Kh8 24. Nd6 Bd5 25. Be4 Bxe4 26. Nxf7+ Kg8 27. Qxe4 Rd7
28. Nd6 Rxd6 29. exd6 Qxd6 30. Rbc1 Qxb4 31. Qxc6 Rd8 32. Qxa6 Re8 33. Nc3 Bxd4
34. Qxb5 Rb8 35. Qxb4 Rxb4 36. Ne2 Bg7 37. Nc3 Rb3 38. Nd5 h5 39. a6 Ra3 40.
Rc6 Kh7 41. Nc7 Be5 42. Nb5 Ra5 43. a7 Nd7 44. g3 Kh6 45. Rd1 Bb8 46. axb8=Q
Nxb8 47. Rb6 Nc6 48. Rxc6 Rxb5 1-0

[Event "Scarborough CC Falling Leaves U2000"]
[Site "Toronto CAN"]
[Date "2010.12.02"]
[Round "6"]
[White "Ugodnikov, Arkadiy"]
[Black "Maister, Martin"]
[Result "1/2-1/2"]
[WhiteElo "1866"]
[BlackElo "1827"]
[PlyCount "80"]
[EventDate "2010.10.28"]
[EventType "swiss"]
[EventRounds "7"]
[EventCountry "CAN"]

1. e4 c5 2. Nf3 d6 3. Bb5+ Bd7 4. Bxd7+ Qxd7 5. c4 Nc6 6. Nc3 e5 7. O-O Nge7 8.
d3 g6 9. Bg5 Bg7 10. Qd2 O-O 11. Bh6 f5 12. Bxg7 Kxg7 13. Nd5 Nxd5 14. cxd5 Nd4
15. Nxd4 exd4 16. f3 f4 17. b4 b6 18. bxc5 bxc5 19. Rfe1 Rab8 20. Rab1 g5 21.
Qe2 Qc7 22. Qc2 Rxb1 23. Rxb1 Rb8 24. Rxb8 Qxb8 25. Kf2 h5 26. Qd2 Qb6 27. Ke2
Qb1 28. Kf2 h4 29. h3 Kf6 30. Qe2 a5 31. e5+ dxe5 32. Qe4 Qxa2+ 33. Kg1 Qb1+
34. Kh2 Qb7 35. Qe1 Qxd5 36. Qxa5 Qd6 37. Qa8 Qe7 38. Qc6+ Kg7 39. Qd5 Qc7 40.
Qe4 Kf6 1/2-1/2

[Event "Scarborough CC Falling Leaves U2000"]
[Site "Toronto CAN"]
[Date "2010.12.02"]
[Round "6"]
[White "Verde, Pino"]
[Black "Moran-Venegas, Mario"]
[Result "1/2-1/2"]
[WhiteElo "1708"]
[BlackElo "1680"]
[PlyCount "145"]
[EventDate "2010.10.28"]
[EventType "swiss"]
[EventRounds "7"]
[EventCountry "CAN"]

1. b3 e5 2. Bb2 Nc6 3. e3 d5 4. Bb5 Bd6 5. f4 Qh4+ 6. g3 Qe7 7. Nc3 Nf6 8. Qe2
O-O 9. Nf3 e4 10. Ng5 h6 11. h4 Bg4 12. Nxd5 Bxe2 13. Nxe7+ Nxe7 14. Bxe2 hxg5
15. hxg5 Nd7 16. Kf2 Nb6 17. Rh3 f6 18. gxf6 gxf6 19. Rah1 Kf7 20. Bh5+ Ke6 21.
Bg4+ Kd5 22. c4+ Kc6 23. Rh6 Nd7 24. Bxd7+ Kxd7 25. Bxf6 Rf7 26. g4 Ng8 27. Rh7
Rxh7 28. Rxh7+ Ke6 29. Bd4 Be7 30. f5+ Kd6 31. c5+ Kd5 32. b4 b6 33. Ke2 bxc5
34. Bxc5 Bxc5 35. bxc5 Nf6 36. Rg7 Kxc5 37. Rxc7+ Kd6 38. Rg7 Ke5 39. Re7+ Kd5
40. g5 Nh5 41. f6 Kd6 42. Kf2 Rg8 43. f7 Rf8 44. Rxa7 Ke6 45. g6 Kf6 46. Ra6+
Kg7 47. Re6 Nf6 48. a4 Kxg6 49. Re7 Nd5 50. Rxe4 Rxf7+ 51. Ke2 Ra7 52. Kd3 Kf5
53. Rc4 Ke5 54. Rh4 Kd6 55. Kc2 Kc5 56. Kb3 Rb7+ 57. Ka3 Nb6 58. d3 Nd5 59.
Rc4+ Kd6 60. e4 Ne3 61. Rc3 Nd1 62. Rb3 Ra7 63. d4 Nf2 64. Rb6+ Kd7 65. e5 Ne4
66. Kb4 Ng5 67. d5 Ne4 68. a5 Nd2 69. a6 Ne4 70. Rb7+ Rxb7+ 71. axb7 Kc7 72.
Kb5 Kxb7 73. d6 1/2-1/2

[Event "Scarborough CC Falling Leaves U2000"]
[Site "Toronto CAN"]
[Date "2010.12.02"]
[Round "6"]
[White "Yusuf, Magas"]
[Black "Wiebe, Daniel"]
[Result "0-1"]
[WhiteElo "1885"]
[BlackElo "1853"]
[PlyCount "44"]
[EventDate "2010.10.28"]
[EventType "swiss"]
[EventRounds "7"]
[EventCountry "CAN"]

1. d4 Nf6 2. c4 g6 3. Nc3 d6 4. Nf3 Bg7 5. e4 O-O 6. Be2 e5 7. d5 Na6 8. Nd2
Nd7 9. a3 f5 10. b4 Nf6 11. Qc2 c6 12. f3 fxe4 13. fxe4 Bg4 14. Nb3 cxd5 15.
cxd5 Rc8 16. Qd3 Rxc3 17. Qxc3 Bxe2 18. Kxe2 Nxe4 19. Qe1 Qc8 20. Ke3 Bh6+ 21.
Kd3 Nf2+ 22. Ke2 Qc4# 0-1